00763nam a2200217Ia 4500003000400000005001700004008004100021040001800062041000800080082001800088100002700106245004200133250001200175260004600187300002400233650006400257650003300321942003100354999001900385952014100404OSt20250131134314.0210716s1965 xx 000 0 und d cAIMIT LIBRARY aeng a813 21bKOHH aKohl, Herbert.9196670 aAge of complexity /cBy Herbert Kohl. a1st ed. aNew York :bNew American Library ;c1965. a287p. ;bPBc18 cm. aHow ordinary is ordinary or the new oxford movement9196671 aWittgenstein returns9196672 2ddccBKe1st ed.k813 KOHH c201335d201335 00102ddc40708MBAaAIMITbAIMITd2021-07-16iBill no:; Bill dt:1900-01-00l0o813 KOHHpMBA03901r2026-05-23 00:00:00w2021-07-16yBK